Schaum's Outline of Theory And Problems of Electric Power Systems / (Record no. 10835)
[ view plain ]
| 000 -LEADER | |
|---|---|
| fixed length control field | 01329pam a2200313 a 4500 |
| 001 - CONTROL NUMBER | |
| control field | 1981925 |
| 005 - DATE AND TIME OF LATEST TRANSACTION | |
| control field | 20020907203247.0 |
| 008 - FIXED-LENGTH DATA ELEMENTS--GENERAL INFORMATION | |
| fixed length control field | 890522s1990 nyua 001 0 eng |
| 010 ## - LIBRARY OF CONGRESS CONTROL NUMBER | |
| LC control number | 89034889 |
| 020 ## - INTERNATIONAL STANDARD BOOK NUMBER | |
| International Standard Book Number | 0070459177 (recycled paper) |
| 040 ## - CATALOGING SOURCE | |
| Original cataloging agency | DLC |
| Transcribing agency | DLC |
| Modifying agency | DLC |
| 050 00 - LIBRARY OF CONGRESS CALL NUMBER | |
| Classification number | TK1001 |
| Item number | .N38 1990 |
| 082 00 - DEWEY DECIMAL CLASSIFICATION NUMBER | |
| Classification number | 621.31 |
| Edition number | 20 |
| Item number | NAS |
| 100 1# - MAIN ENTRY--PERSONAL NAME | |
| Personal name | Nasar, S. A. |
| 245 10 - TITLE STATEMENT | |
| Title | Schaum's Outline of Theory And Problems of Electric Power Systems / |
| Statement of responsibility, etc | Syed A. Nasar. |
| 246 30 - VARYING FORM OF TITLE | |
| Title proper/short title | Outline of theory and problems of electric power systems |
| 246 14 - VARYING FORM OF TITLE | |
| Title proper/short title | Theory and problems of electric power systems |
| 246 18 - VARYING FORM OF TITLE | |
| Title proper/short title | Electric power systems |
| 260 ## - PUBLICATION, DISTRIBUTION, ETC. (IMPRINT) | |
| Place of publication, distribution, etc | New York : |
| Name of publisher, distributor, etc | McGraw-Hill, |
| Date of publication, distribution, etc | c1990. |
| 300 ## - PHYSICAL DESCRIPTION | |
| Extent | 175 p. : |
| Other physical details | ill. ; |
| Dimensions | 28 cm. |
| 490 0# - Series Statement | |
| Series statement | Schaum's outline series |
| 500 ## - GENERAL NOTE | |
| General note | Includes index. |
| 650 #0 - SUBJECT ADDED ENTRY--TOPICAL TERM | |
| Topical term or geographic name as entry element | Electric power systems. |
| 856 42 - ELECTRONIC LOCATION AND ACCESS | |
| Materials specified | Publisher description |
| Uniform Resource Identifier | <a href="http://www.loc.gov/catdir/description/mh022/89034889.html">http://www.loc.gov/catdir/description/mh022/89034889.html</a> |
| 856 41 - ELECTRONIC LOCATION AND ACCESS | |
| Materials specified | Table of contents |
| Uniform Resource Identifier | <a href="http://www.loc.gov/catdir/toc/mh021/89034889.html">http://www.loc.gov/catdir/toc/mh021/89034889.html</a> |
| 942 ## - ADDED ENTRY ELEMENTS (KOHA) | |
| Source of classification or shelving scheme | Dewey Decimal Classification |
| Item type | Book - Borrowing |
| Withdrawn status | Item status | Source of classification or shelving scheme | Damaged status | Not for loan | Vendor | Home library | Current library | Shelving location | Date acquired | Source of acquisition | Cost, normal purchase price | Serial Enumeration / chronology | Total Checkouts | Full call number | Barcode | Date last seen | Koha item type |
|---|---|---|---|---|---|---|---|---|---|---|---|---|---|---|---|---|---|
| Dewey Decimal Classification | Alahram | Central Library | Central Library | First floor | 12/02/2009 | 116.70 | 6390 | 621.31 NAS | 000014807 | 15/07/2025 | Book - Borrowing |